Statistics for Spanish Animal Alphabet

Click here to take the quiz!

General Stats

  • This quiz has been taken 11 times
  • The average score is 11 of 30

Answer Stats

Answer% Correct
León
100%
Dingo
89%
Gato
89%
LLama
89%
Vaca
78%
Elefante
67%
Yak
67%
Hámster
56%
Oso
56%
CHinchilla
44%
Jirafa
44%
Ñu
44%
Pato
44%
Zorro
44%
Foca
33%
Ratón
33%
Búho
22%
Mono
22%
Quetzal
22%
Tiburón
22%
Wapiti
22%
Ardilla
11%
Nutria
11%
Serpiente
11%
Urraca
11%
beRRendo
0%
Conejo
0%
Ipequí
0%
Kuvasz
0%
Xoloitzcuintli
0%

Score Distribution

Percentile by Number Answered

Percent of People with Each Score

Your Score History

You have not taken this quiz